Statistics for Asian Countries Ranking Game #1

Click here to take the quiz!

General Stats

  • This quiz has been taken 85 times
  • The average score is 25 of 30

Answer Stats

CharacteristicCountriesRankAnswerNumber% Correct
Land AreaBrunei1China9.3 Mio km²
100%
Land AreaCambodia2India2.7 Mio km²
100%
Land AreaChina3Indonesia1.8 Mio km²
96%
Land AreaGeorgia4Uzbekistan425k km²
93%
Land AreaIndia5Japan365k km²
92%
Land AreaIndonesia6Malaysia330k km²
92%
Land AreaJapan7Cambodia177k km²
91%
Land AreaQatar11Qatar12k km²
91%
Land AreaTaiwan13Brunei5.3k km²
89%
Land AreaMalaysia9Georgia70k km²
89%
Land AreaSingapore12Lebanon10k km²
89%
Land AreaUzbekistan15Maldives298 km²
89%
Land AreaTajikistan14Singapore687 km²
89%
Land AreaMaldives10Taiwan32k km²
89%
Land AreaLebanon8Tajikistan142k km²
89%
GDP per capitaBrunei1Qatar138 910 $
88%
GDP per capitaCambodia2Singapore105 689 $
87%
GDP per capitaChina3Brunei85 011 $
85%
GDP per capitaGeorgia4Taiwan57 214 $
83%
GDP per capitaIndia5Japan46 827 $
80%
GDP per capitaLebanon8China20 984 $
79%
GDP per capitaJapan7Maldives24 796 $
77%
GDP per capitaIndonesia6Malaysia34 567 $
76%
GDP per capitaQatar11Georgia13 200 $
72%
GDP per capitaMalaysia9Lebanon15 599 $
71%
GDP per capitaMaldives10Indonesia14 841 $
69%
GDP per capitaSingapore12Uzbekistan9 595 $
69%
GDP per capitaUzbekistan15Tajikistan3 751 $
68%
GDP per capitaTaiwan13India9 027 $
64%
GDP per capitaTajikistan14Cambodia5 004 $
63%

Score Distribution

Percentile by Number Answered

Percent of People with Each Score

Your Score History

You have not taken this quiz